| 000 | 00659nam a2200229Ia 4500 | ||
|---|---|---|---|
| 005 | 20260429111935.0 | ||
| 008 | 260429s9999||||xx |||||||||||||| ||und|| | ||
| 020 | _a9789391685102 | ||
| 041 | _aEnglish | ||
| 082 |
_a934 _bSIN |
||
| 100 | _aSinha, Rajiva Kumar | ||
| 245 | 0 |
_aResearches in ancient Indian archaeology, history and culture / _cRajiva Kumar Sinha |
|
| 250 | _a1st ed. | ||
| 260 |
_aNew Delhi : _bAAYU Publications, _c2023. |
||
| 300 | _axvii, 317 p.; hb | ||
| 650 | _a Ancient India | ||
| 650 | _a Cultural history | ||
| 650 | _a Historical research | ||
| 650 | _aArchaeology-India | ||
| 700 | _a Manjul, Sanjay Kumar | ||
| 942 | _cTB | ||
| 999 |
_c51533 _d51533 |
||